00776nam a2200265Ia 4500008004100000020001800041050000800059050001400067100002300081245002200104245002600126260002300152260004600175260000900221300001600230300002800246300001000274440002100284440001400305650002800319700001200347700001100359999001900370952012100389181129s9999 xx 000 0 und d a978971581073x a220 bM465 1980 aMaxwell, Arthur S. 0aWonderful Jesus / 0cby Arthur S. Maxwell. aWashington, D.C. : bReview and Herald Publishing Association, c1980 a191 pages : bcolored illustrations ; c25cm. aThe bible story, vvolume 7. aBible stories, English. aSeries. aTitle. c360241d360241 001040aSSISMbSSISMcSSISMd2018-11-29l0oREL 220 M465 1980 vol 7pSSISM6035r2018-11-29 00:00:00w2018-11-29yBK